000 00324nam a2200121Ia 4500
008 170224s9999 xx 000 0 und d
245 _aStudy Challenges Views on Alcohol Consumption in Native Americans
260 _bAmerican Journal of Nursing
260 _c2016
300 _a116:5
500 _aMay
650 _xNursing.
999 _c317000
_d317000